[Event "4NCL Division Three West"]
[Site "Warwick, ENG"]
[Date "2023.04.29"]
[Round "9.12"]
[White "Eagleton, Greg T"]
[Black "Finn, Peter"]
[Result "0-1"]
[WhiteElo "2107"]
[BlackElo "2285"]
[PlyCount "148"]
[EventDate "2023.04.29"]
[WhiteTeam "Chessable White Rose 3"]
[BlackTeam "CSC/Kingston 1"]

1. d4 d5 2. Nf3 Nf6 3. g3 c5 4. c3 e6 5. Bg2 Nc6 6. O-O Bd7 7. Bf4 Qb6 8. Qb3
Qxb3 9. axb3 cxd4 10. Nxd4 Bc5 11. Nb5 O-O 12. b4 Be7 13. Bd6 a6 14. Bxe7 Nxe7
15. Nd4 e5 16. Nb3 b6 17. N1d2 Bc6 18. Rfe1 Rfd8 19. e4 dxe4 20. Nxe4 Nxe4 21.
Bxe4 f6 22. Bxc6 Nxc6 23. Red1 Kf7 24. Rxd8 Nxd8 25. Kf1 Ke6 26. Ke2 Kd6 27.
Kd3 Kc7 28. Ke4 Kb7 29. Rd1 Kc7 30. h4 Nf7 31. Ra1 Kc6 32. c4 Nd6+ 33. Kd3 Kb7
34. c5 Nb5 35. Kc4 Rd8 36. cxb6 Kxb6 37. Nc5 Rd4+ 38. Kb3 Nc7 39. Rc1 Rd2 40.
Na4+ Kb7 41. Nc5+ Ka7 42. Ne4 Rd3+ 43. Rc3 Rd7 44. Rc6 Kb7 45. Rc4 Ne6 46. Nc5+
Nxc5+ 47. bxc5 Kc6 48. Kc3 Rd1 49. b4 Rf1 50. Rg4 g6 51. f4 f5 52. Rg5 exf4 53.
gxf4 Rf3+ 54. Kc2 Rxf4 55. h5 gxh5 56. Rxh5 Rxb4 57. Rxf5 Rc4+ 58. Kb3 Rxc5 59.
Rf6+ Kd5 60. Rxa6 h5 61. Rh6 Ke4 62. Kb4 Kd4 63. Rh8 Rg5 64. Rh7 Ke3 65. Kc3
Rc5+ 66. Kb4 Re5 67. Kc3 Kf3 68. Kd3 Kg4 69. Rg7+ Kh3 70. Kd2 Re4 71. Kd3 Rg4
72. Ra7 h4 73. Ke2 Kg2 74. Ke3 h3 0-1

[Event "4NCL Division Three West"]
[Site "Warwick, ENG"]
[Date "2023.04.29"]
[Round "9.13"]
[White "Frostick, Clive A"]
[Black "Burnett, Jim"]
[Result "1-0"]
[WhiteElo "2124"]
[BlackElo "2044"]
[PlyCount "79"]
[EventDate "2023.04.29"]
[WhiteTeam "CSC/Kingston 1"]
[BlackTeam "Chessable White Rose 3"]

1. e4 e6 2. d4 d5 3. Nd2 c5 4. Ngf3 cxd4 5. Nxd4 Nc6 6. Nxc6 bxc6 7. Bd3 Nf6 8.
O-O Be7 9. Qe2 O-O 10. b3 a5 11. Bb2 Qb6 12. Kh1 Ba6 13. c4 Rfe8 14. Rac1 Bb7
15. f4 a4 16. e5 Nd7 17. f5 exf5 18. e6 Nf8 19. exf7+ Kxf7 20. Rxf5+ Kg8 21.
Qh5 Ng6 22. Rf3 d4 23. c5 Qd8 24. Rh3 Bh4 25. Bxg6 hxg6 26. Qxh4 Qxh4 27. Rxh4
axb3 28. axb3 Ra2 29. Nc4 Re2 30. Bxd4 Rxg2 31. Rg1 Rxg1+ 32. Kxg1 Bc8 33. Re4
Bh3 34. Bb2 Ra7 35. Kf2 Rf7+ 36. Kg3 Bf5 37. Re8+ Kh7 38. Nd6 Ra7 39. Nxf5 gxf5
40. Kf4 1-0

[Event "4NCL Division Three West"]
[Site "Warwick, ENG"]
[Date "2023.04.29"]
[Round "9.14"]
[White "Edwards-Wright, Miles D"]
[Black "Wilson, Ewan"]
[Result "0-1"]
[WhiteElo "2051"]
[BlackElo "2011"]
[PlyCount "106"]
[EventDate "2023.04.29"]
[WhiteTeam "Chessable White Rose 3"]
[BlackTeam "CSC/Kingston 1"]

1. g3 d5 2. Bg2 Nf6 3. d3 e5 4. Nd2 c5 5. e4 Nc6 6. Ne2 d4 7. h3 h5 8. f4 h4 9.
g4 exf4 10. Nf3 Bd6 11. Bxf4 Qc7 12. Qd2 Be6 13. Bxd6 Qxd6 14. b3 Nd7 15. Qf4
Nde5 16. Nxe5 Nxe5 17. O-O O-O-O 18. Kh1 Rdg8 19. a3 g5 20. Qf2 Kb8 21. Bf3 Re8
22. Qh2 Re7 23. Rae1 Rc8 24. Ng1 a6 25. a4 Qc7 26. Bd1 Nc6 27. Qxc7+ Kxc7 28.
Rf6 Kd6 29. Rf2 Ne5 30. Nf3 Nxf3 31. Bxf3 Ke5 32. Bg2 b6 33. Kg1 Ra7 34. Ra1
Rca8 35. Re1 Rc8 36. Ra1 Rcc7 37. Rff1 b5 38. axb5 axb5 39. Kf2 Rxa1 40. Rxa1
c4 41. bxc4 bxc4 42. Kf3 Rc5 43. Bf1 c3 44. Be2 Rb5 45. Bd1 Kd6 46. Ra4 Rb1 47.
Be2 Kc5 48. Ra5+ Rb5 49. Ra1 Rb2 50. Bd1 Ba2 51. Rc1 Bb1 52. Be2 Bxc2 53. Ra1
Bb3 0-1

[Event "4NCL Division Three West"]
[Site "Warwick, ENG"]
[Date "2023.04.29"]
[Round "9.16"]
[White "Gillett, John"]
[Black "Sparkes, Daniel A"]
[Result "0-1"]
[WhiteElo "1681"]
[BlackElo "1945"]
[PlyCount "60"]
[EventDate "2023.04.29"]
[WhiteTeam "Chessable White Rose 3"]
[BlackTeam "CSC/Kingston 1"]

1. d4 Nf6 2. c4 c5 3. d5 b5 4. b3 e5 5. dxe6 fxe6 6. Nf3 Ne4 7. g3 Qf6 8. Qc2
Qxa1 9. Qxe4 Bd6 10. Qc2 bxc4 11. bxc4 Nc6 12. a3 Rb8 13. Nbd2 Nd4 14. Nxd4
cxd4 15. c5 Bc7 16. Bg2 Qc3 17. Qd1 Qxc5 18. O-O Be5 19. Nf3 Bf6 20. Qa4 Bb7
21. Bd2 Bc6 22. Bb4 Qb6 23. Qc2 a5 24. Bc5 Qb2 25. Qxb2 Rxb2 26. Nxd4 Bxg2 27.
Kxg2 d6 28. Ba7 Rb7 29. Nc6 Kd7 30. Rc1 Rc8 0-1

[Event "4NCL Division Three West"]
[Site "Warwick, ENG"]
[Date "2023.04.29"]
[Round "9.21"]
[White "Pitcher, John"]
[Black "Mazek, Marek"]
[Result "1/2-1/2"]
[WhiteElo "2321"]
[BlackElo "2017"]
[PlyCount "39"]
[EventDate "2023.04.29"]
[WhiteTeam "Warwickshire Select 1"]
[BlackTeam "Manchester Manticores"]

1. e4 c5 2. Nf3 d6 3. Bc4 e5 4. d3 Be7 5. Nc3 Nf6 6. Nd2 Nfd7 7. Nf1 Nc6 8. a3
Nb6 9. Ba2 O-O 10. Ne3 Bg5 11. Ncd5 Nxd5 12. Nxd5 Bxc1 13. Qxc1 Be6 14. O-O Ne7
15. Nxe7+ Qxe7 16. f4 Bxa2 17. Rxa2 f5 18. fxe5 Qxe5 19. exf5 Rxf5 20. Rxf5
1/2-1/2

[Event "4NCL Division Three West"]
[Site "Warwick, ENG"]
[Date "2023.04.29"]
[Round "9.22"]
[White "Webster, Richard J"]
[Black "Baker, Chris W"]
[Result "0-1"]
[WhiteElo "1912"]
[BlackElo "2294"]
[PlyCount "52"]
[EventDate "2023.04.29"]
[WhiteTeam "Manchester Manticores"]
[BlackTeam "Warwickshire Select 1"]

1. d4 Nf6 2. c4 e6 3. g3 d5 4. Bg2 Be7 5. Nf3 O-O 6. O-O Nbd7 7. Qc2 dxc4 8.
Qxc4 c5 9. Nc3 Nb6 10. Qd3 cxd4 11. Nxd4 Nbd5 12. Nb3 Bd7 13. Bg5 Nxc3 14. bxc3
Qc7 15. Rac1 Rac8 16. e4 Rfd8 17. Qe2 e5 18. Be3 Be6 19. Rfe1 Bc4 20. Qb2 b5
21. f3 Rd3 22. Kh1 Bxb3 23. axb3 b4 24. cxb4 Rxe3 25. Rxc7 Rxe1+ 26. Bf1 Rxc7
0-1

[Event "4NCL Division Three West"]
[Site "Warwick, ENG"]
[Date "2023.04.29"]
[Round "9.23"]
[White "Shephard, Chris C W"]
[Black "Lyth, John D"]
[Result "1-0"]
[WhiteElo "2189"]
[BlackElo "1901"]
[PlyCount "117"]
[EventDate "2023.04.29"]
[WhiteTeam "Warwickshire Select 1"]
[BlackTeam "Manchester Manticores"]

1. g3 d5 2. Nf3 Nc6 3. c4 d4 4. d3 g6 5. e4 Bg7 6. Bg2 e5 7. O-O Nf6 8. b4 Ne7
9. b5 Nd7 10. a4 O-O 11. Ba3 c5 12. bxc6 bxc6 13. c5 Ba6 14. Qc2 Qc7 15. Nbd2
Rfb8 16. Nc4 Nf8 17. Nd6 Nc8 18. Rfc1 Qd7 19. Nc4 Qc7 20. Bh3 Ne7 21. Nd6 Nc8
22. Nc4 Ne7 23. Qa2 Bc8 24. Bg2 h6 25. Qc2 Be6 26. Nfd2 Nd7 27. Nd6 h5 28. N2c4
Qd8 29. Qd2 Nc8 30. Na5 Ne7 31. Nab7 Qc7 32. Rab1 Nf8 33. Rb2 Qd7 34. Rcb1 Qc7
35. Qc2 Bh6 36. a5 Nh7 37. a6 Rf8 38. Nc4 Bg7 39. Nbd6 Bc8 40. Nxc8 Qxc8 41.
Rb7 Qe6 42. Qe2 Ng5 43. h4 Nh7 44. Kh2 Qf6 45. Bc1 Rfd8 46. Bd2 Rf8 47. Qf3
Qxf3 48. Bxf3 Nc8 49. Kg2 Re8 50. Bd1 Bf6 51. Ba4 Ne7 52. Ba5 Kg7 53. Bc7 g5
54. Bxe5 gxh4 55. Bxf6+ Kxf6 56. Nd6 Rg8 57. Bb3 Rg5 58. Nxf7 Rxc5 59. e5+ 1-0

[Event "4NCL Division Three West"]
[Site "Warwick, ENG"]
[Date "2023.04.29"]
[Round "9.24"]
[White "Potter, Steven"]
[Black "Mason, Donald J"]
[Result "0-1"]
[WhiteElo "1901"]
[BlackElo "2149"]
[PlyCount "60"]
[EventDate "2023.04.29"]
[WhiteTeam "Manchester Manticores"]
[BlackTeam "Warwickshire Select 1"]

1. d4 Nf6 2. Bg5 g6 3. Bxf6 exf6 4. h4 h5 5. e3 d6 6. Nf3 f5 7. Nbd2 Nd7 8. Bd3
Nf6 9. c3 Qe7 10. Qb3 c6 11. Ng5 Bh6 12. Ndf3 Ne4 13. Nh3 O-O 14. Qc2 Bd7 15.
O-O-O a5 16. Kb1 a4 17. Nd2 d5 18. Nxe4 fxe4 19. Be2 a3 20. b3 Rac8 21. Rdg1 f5
22. c4 c5 23. Qd1 cxd4 24. Qxd4 Bg7 25. Qxd5+ Be6 26. Qd2 Rfd8 27. Qc1 Qf6 28.
Rd1 Qa1+ 29. Kc2 Qxa2+ 30. Qb2 Qxb2# 0-1

[Event "4NCL Division Three West"]
[Site "Warwick, ENG"]
[Date "2023.04.29"]
[Round "9.25"]
[White "Fallowfield, Jeremy R"]
[Black "Lonsdale, Jon I"]
[Result "1-0"]
[WhiteElo "2196"]
[BlackElo "1891"]
[PlyCount "35"]
[EventDate "2023.04.29"]
[WhiteTeam "Warwickshire Select 1"]
[BlackTeam "Manchester Manticores"]

1. d4 Nf6 2. c4 c5 3. d5 b5 4. cxb5 a6 5. e3 e6 6. dxe6 fxe6 7. Nc3 d5 8. Nf3
Bd6 9. e4 Be7 10. e5 Nfd7 11. a4 d4 12. Ne4 Nxe5 13. Nxe5 Qd5 14. Qh5+ g6 15.
Qf3 Rf8 16. Bf4 g5 17. Bc4 Rxf4 18. Qh5+ 1-0

[Event "4NCL Division Three West"]
[Site "Warwick, ENG"]
[Date "2023.04.29"]
[Round "9.26"]
[White "Livesey, R Nigel"]
[Black "Cooper, David M"]
[Result "0-1"]
[WhiteElo "1816"]
[BlackElo "2000"]
[PlyCount "78"]
[EventDate "2023.04.29"]
[WhiteTeam "Manchester Manticores"]
[BlackTeam "Warwickshire Select 1"]

1. Nf3 d5 2. b3 Nf6 3. Bb2 Bf5 4. e3 e6 5. d4 Be7 6. Bd3 Bxd3 7. Qxd3 Nbd7 8.
Nbd2 O-O 9. O-O a6 10. Ne5 Nxe5 11. dxe5 Nd7 12. Qe2 c5 13. c4 Qc7 14. f4 Rad8
15. Rf3 dxc4 16. Nxc4 b5 17. Nd6 Bxd6 18. exd6 Qxd6 19. Rg3 f6 20. Rd1 Qe7 21.
Qg4 e5 22. f5 Nb6 23. e4 Rxd1+ 24. Qxd1 Rd8 25. Rd3 Rxd3 26. Qxd3 Qd7 27. Qe2
c4 28. Kf2 Qd6 29. g4 h6 30. h4 Qc5+ 31. Qe3 Qxe3+ 32. Kxe3 b4 33. Bc1 Kf7 34.
bxc4 Nxc4+ 35. Kd3 Nd6 36. Be3 a5 37. Bc5 Nb5 38. Bb6 a4 39. Kc4 b3 0-1

[Event "4NCL Division Three West"]
[Site "Warwick, ENG"]
[Date "2023.04.29"]
[Round "9.31"]
[White "Shearsby, Jude"]
[Black "Rathbone-Jones, Ifan"]
[Result "1-0"]
[WhiteElo "2041"]
[BlackElo "2059"]
[PlyCount "69"]
[EventDate "2023.04.29"]
[WhiteTeam "Warwickshire Select 2"]
[BlackTeam "West is Best 2"]

1. e4 c5 2. Nf3 Nc6 3. Bb5 d6 4. c3 Nf6 5. Qe2 Bg4 6. h3 Bxf3 7. Qxf3 Qb6 8.
Ba4 Qa6 9. Bc2 g6 10. d3 Ne5 11. Qe2 Rc8 12. f4 Ned7 13. O-O Bg7 14. Nd2 O-O
15. Nf3 Nh5 16. Qe1 e5 17. f5 c4 18. dxc4 Qxc4 19. Bb3 Qd3 20. fxg6 hxg6 21.
Nh4 Nc5 22. Nxg6 Nxb3 23. Ne7+ Kh7 24. axb3 Rce8 25. Nf5 Rh8 26. Qh4 Kg8 27.
Ne7+ Rxe7 28. Qxe7 Ng3 29. Qxf7+ Kh7 30. Rf3 Qd1+ 31. Kh2 Rf8 32. Bh6 Rxf7 33.
Rxd1 Bxh6 34. Rxf7+ Kg8 35. Kxg3 1-0

[Event "4NCL Division Three West"]
[Site "Warwick, ENG"]
[Date "2023.04.29"]
[Round "9.32"]
[White "Saunders, Aron"]
[Black "Sandhu, Manvith"]
[Result "1-0"]
[WhiteElo "2117"]
[BlackElo "1860"]
[PlyCount "115"]
[EventDate "2023.04.29"]
[WhiteTeam "West is Best 2"]
[BlackTeam "Warwickshire Select 2"]

1. e4 c5 2. Nf3 e6 3. g3 Nc6 4. Bg2 Nf6 5. Qe2 d5 6. exd5 Nxd5 7. O-O Be7 8.
Rd1 Qb6 9. b3 Bf6 10. c3 O-O 11. Na3 Bd7 12. Bb2 Rfd8 13. d4 cxd4 14. cxd4 Be8
15. Nc4 Qa6 16. Qe4 Rac8 17. h4 b5 18. Nce5 Nxe5 19. dxe5 Be7 20. Rd2 Bc6 21.
Qe2 Nb4 22. a3 Bxf3 23. Bxf3 Rxd2 24. Qxd2 Rd8 25. Qe2 Nd3 26. Bc3 Qb6 27. Rd1
b4 28. axb4 Nxb4 29. Rxd8+ Qxd8 30. Qc4 Nd5 31. Bd4 Nb6 32. Qc3 h6 33. Kg2 Qd7
34. Be4 Qd8 35. Kf3 Qd7 36. Qd3 Qd8 37. Be3 Qc7 38. Qb5 Nd7 39. Bd4 Bf8 40. Ke2
Nc5 41. Qc4 a5 42. Bc2 Qb6 43. Ke3 Be7 44. f3 Kf8 45. Kf2 Kg8 46. Be3 Qc7 47.
f4 Qb6 48. h5 Kf8 49. Kg2 Kg8 50. Kh2 Qc6 51. g4 Qc7 52. Qb5 Nd7 53. Qd3 Kf8
54. Qe4 Bc5 55. Bd2 Qb6 56. Qa8+ Ke7 57. Bxa5 Qb5 58. Qd8# 1-0

[Event "4NCL Division Three West"]
[Site "Warwick, ENG"]
[Date "2023.04.29"]
[Round "9.33"]
[White "Dicen, Elis Denele"]
[Black "Bullen, Alex"]
[Result "1/2-1/2"]
[WhiteElo "1872"]
[BlackElo "2157"]
[PlyCount "121"]
[EventDate "2023.04.29"]
[WhiteTeam "Warwickshire Select 2"]
[BlackTeam "West is Best 2"]

1. d4 d5 2. c4 e6 3. Nc3 Nf6 4. cxd5 exd5 5. Bg5 Bb4 6. e3 h6 7. Bh4 g5 8. Bg3
h5 9. h4 Ne4 10. Nge2 Bg4 11. Qc2 Bxe2 12. Bxe2 Nxg3 13. fxg3 Qd6 14. O-O Bxc3
15. bxc3 Qe6 16. Rae1 Nd7 17. e4 O-O-O 18. Bd3 Rde8 19. e5 Re7 20. Qa4 Kb8 21.
Bf5 Qc6 22. Qxc6 bxc6 23. Bxd7 Rxd7 24. hxg5 Rg8 25. Rf5 Re7 26. Kh2 c5 27. Kh3
cxd4 28. cxd4 c5 29. dxc5 Rc8 30. Rc1 d4 31. Kh4 d3 32. Rd1 Rd7 33. Rd2 Rxc5
34. Kxh5 Rc2 35. Rff2 Rc5 36. Rf3 Rxe5 37. Rdxd3 Rxd3 38. Rxd3 f6 39. Rd8+ Kc7
40. Rg8 Ra5 41. Rg7+ Kd8 42. g4 Ke8 43. Kh4 fxg5+ 44. Rxg5 Rxa2 45. Re5+ Kf7
46. Kg5 Kg8 47. Kg6 Ra6+ 48. Kg5 Ra2 49. g3 Ra3 50. Rf5 Rxg3 51. Ra5 Rb3 52.
Rxa7 Rb6 53. Kh5 Rc6 54. g5 Rb6 55. Ra4 Rc6 56. g6 Rc1 57. Ra8+ Kg7 58. Ra7+
Kg8 59. Ra8+ Kg7 60. Ra7+ Kg8 61. Ra8+ 1/2-1/2

[Event "4NCL Division Three West"]
[Site "Warwick, ENG"]
[Date "2023.04.29"]
[Round "9.34"]
[White "Freeland, Alex"]
[Black "Cundy, Mark A"]
[Result "1-0"]
[WhiteElo "2093"]
[BlackElo "1870"]
[PlyCount "105"]
[EventDate "2023.04.29"]
[WhiteTeam "West is Best 2"]
[BlackTeam "Warwickshire Select 2"]

1. d4 f5 2. g3 g6 3. Bg2 Bg7 4. Nh3 Nf6 5. Nf4 Nc6 6. d5 Ne5 7. Nd2 O-O 8. h4
Nf7 9. e4 e5 10. dxe6 dxe6 11. exf5 exf5 12. O-O Nd6 13. c3 Re8 14. Qb3+ Kh8
15. Nf3 a5 16. Ng5 a4 17. Qc2 Nfe4 18. Nxe4 Nxe4 19. Be3 Qe7 20. Rad1 a3 21.
Nd5 Qf7 22. b3 Be6 23. c4 Rad8 24. Nf4 Bd7 25. Bd4 Bxd4 26. Rxd4 Bc6 27. Rfd1
Rxd4 28. Rxd4 Qf6 29. Rd1 Rd8 30. Nd5 Bxd5 31. cxd5 Qe5 32. f4 Qe7 33. Bxe4
fxe4 34. Qc3+ Kg8 35. Qc4 Kf8 36. Qd4 Kf7 37. Kf2 Re8 38. Rc1 e3+ 39. Kf3 e2
40. Re1 Qd6 41. Qc4 Kf6 42. Rxe2 Rxe2 43. Kxe2 Qe7+ 44. Kd2 Qd6 45. Kc2 Qb6 46.
Qc3+ Kf5 47. b4 Qf2+ 48. Kb3 Qg2 49. Kxa3 Qxd5 50. Qxc7 Qf3+ 51. Ka4 Qxg3 52.
Qxb7 Qxh4 53. Qd5+ 1-0

[Event "4NCL Division Three West"]
[Site "Warwick, ENG"]
[Date "2023.04.29"]
[Round "9.35"]
[White "Green, Anthony J"]
[Black "Taylor, William J"]
[Result "0-1"]
[WhiteElo "1943"]
[BlackElo "2054"]
[PlyCount "52"]
[EventDate "2023.04.29"]
[WhiteTeam "Warwickshire Select 2"]
[BlackTeam "West is Best 2"]

1. d4 d5 2. c4 e6 3. Nc3 Nf6 4. cxd5 exd5 5. Bg5 c6 6. Qc2 h6 7. Bh4 Be7 8. e3
O-O 9. Bd3 Re8 10. Nge2 Nbd7 11. O-O a5 12. f3 b5 13. e4 b4 14. Na4 dxe4 15.
fxe4 c5 16. Nxc5 Nxc5 17. dxc5 Ng4 18. Bxe7 Qxe7 19. Qc1 Ba6 20. Bxa6 Rxa6 21.
Rf4 Ne5 22. Qc2 Rc6 23. Rd1 Rxc5 24. Qd2 Qc7 25. Rc1 Rxc1+ 26. Qxc1 Qb6+ 0-1

[Event "4NCL Division Three West"]
[Site "Warwick, ENG"]
[Date "2023.04.29"]
[Round "9.36"]
[White "Turner, Lewis A"]
[Black "Turner, Simon"]
[Result "1-0"]
[WhiteElo "2032"]
[BlackElo "1718"]
[PlyCount "56"]
[EventDate "2023.04.29"]
[WhiteTeam "West is Best 2"]
[BlackTeam "Warwickshire Select 2"]

1. e4 Nf6 2. e5 Nd5 3. d4 d6 4. Nf3 dxe5 5. Nxe5 c6 6. Be2 Nd7 7. Nf3 N7f6 8.
c4 Nb4 9. a3 Na6 10. O-O g6 11. Nc3 Bg7 12. h3 O-O 13. Bf4 h6 14. Qd2 Kh7 15.
Ne5 Nh5 16. Bxh5 gxh5 17. Qd3+ f5 18. Qf3 Qe8 19. Rfe1 Bxe5 20. Rxe5 Qf7 21.
Rae1 e6 22. d5 cxd5 23. cxd5 Nc7 24. R5e3 Re8 25. Bxc7 Qxc7 26. dxe6 f4 27. Nd5
Qc4 28. Rc3 Qa2 1-0

[Event "4NCL Division Three West"]
[Site "Warwick, ENG"]
[Date "2023.04.29"]
[Round "9.41"]
[White "Habershon, Paul F"]
[Black "Eden, Tomer"]
[Result "0-1"]
[WhiteElo "1907"]
[BlackElo "2138"]
[PlyCount "112"]
[EventDate "2023.04.29"]
[WhiteTeam "MK Phoenix 2"]
[BlackTeam "Barnet Knights B"]

1. e4 c5 2. Nc3 Nc6 3. g3 g6 4. Bg2 Bg7 5. d3 e6 6. Nf3 Nge7 7. O-O O-O 8. Be3
b6 9. Qd2 Bb7 10. Bh6 d5 11. Bxg7 Kxg7 12. exd5 Nxd5 13. Rfe1 Nxc3 14. Qxc3+
Nd4 15. Nxd4 cxd4 16. Qb3 Bxg2 17. Kxg2 Qd7 18. Re2 Rac8 19. Rd1 Rc5 20. Rdd2
Rb5 21. Qa4 Qd5+ 22. f3 Ra5 23. Qb3 Rxa2 24. Qxd5 exd5 25. Re7 Rxb2 26. Rxa7
Rc8 27. Ra4 Rcxc2 28. Rxc2 Rxc2+ 29. Kh3 Rc7 30. Rxd4 Rb7 31. Kg4 b5 32. Rb4
Kf6 33. Kf4 Ke6 34. Ke3 Kd6 35. Kd4 Kc6 36. Kc3 Kc5 37. d4+ Kb6 38. Rb2 Ra7 39.
f4 Ra3+ 40. Kd2 Rf3 41. Ke2 Rc3 42. Kd2 Rc4 43. Kd3 b4 44. Re2 Rc3+ 45. Kd2 Rc7
46. Re8 Kb5 47. Kd3 b3 48. Rb8+ Ka4 49. Ra8+ Kb4 50. Rb8+ Ka3 51. Ra8+ Kb2 52.
Ra5 Rd7 53. Rb5 Ka2 54. Ra5+ Kb1 55. Rb5 b2 56. Kd2 Ra7 0-1

[Event "4NCL Division Three West"]
[Site "Warwick, ENG"]
[Date "2023.04.29"]
[Round "9.42"]
[White "Banerjee, Supratit"]
[Black "Matthews, Adrian M S"]
[Result "1-0"]
[WhiteElo "2022"]
[BlackElo "1765"]
[PlyCount "61"]
[EventDate "2023.04.29"]
[WhiteTeam "Barnet Knights B"]
[BlackTeam "MK Phoenix 2"]

1. e4 c5 2. c3 d5 3. exd5 Qxd5 4. d4 Nf6 5. Nf3 Bg4 6. Be2 e6 7. Be3 cxd4 8.
cxd4 Nc6 9. Nc3 Bb4 10. O-O Qd6 11. Qd2 O-O 12. Rfd1 Nd5 13. a3 Ba5 14. b4 Nxc3
15. Qxc3 Bc7 16. h3 Bh5 17. Rac1 Rac8 18. g4 Bg6 19. d5 Ne5 20. Nxe5 Qxe5 21.
Qxe5 Bxe5 22. Rxc8 Rxc8 23. d6 b6 24. d7 Rd8 25. Bb5 Be4 26. a4 Bf6 27. a5 bxa5
28. bxa5 Bd5 29. Bxa7 Ra8 30. Rc1 Bb7 31. Rc7 1-0

[Event "4NCL Division Three West"]
[Site "Warwick, ENG"]
[Date "2023.04.29"]
[Round "9.43"]
[White "Obi, Okwose Marc"]
[Black "Ethelontis, Alexandros N"]
[Result "0-1"]
[WhiteElo "1772"]
[BlackElo "2009"]
[PlyCount "92"]
[EventDate "2023.04.29"]
[WhiteTeam "MK Phoenix 2"]
[BlackTeam "Barnet Knights B"]

1. e4 e6 2. d4 d5 3. e5 c5 4. c3 Nc6 5. Nf3 Bd7 6. Bd3 cxd4 7. O-O Qb6 8. Nbd2
Rc8 9. Nb3 dxc3 10. bxc3 Nge7 11. Be3 Qc7 12. Bd4 Ng6 13. Re1 Be7 14. Rc1 Na5
15. Bxa7 Nc4 16. Bd4 Nb2 17. Qc2 Nxd3 18. Qxd3 O-O 19. g3 Qc4 20. Qe3 Ba3 21.
Rb1 Qc7 22. h4 Ne7 23. g4 f5 24. g5 Be8 25. Nbd2 f4 26. Qe2 Nf5 27. Rb3 Be7 28.
Bb6 Qd7 29. c4 Bh5 30. Qd3 Bxf3 31. Nxf3 Rxc4 32. Reb1 Rfc8 33. Qd2 Qe8 34. Bd4
Nxd4 35. Nxd4 Qh5 36. Rh3 Bc5 37. Qe2 Qg6 38. Rxb7 Bxd4 39. Qg4 h5 40. Qxf4 Rf8
41. Qxf8+ Kxf8 42. Rb8+ Ke7 43. Rb7+ Kd8 44. Rf3 Rc1+ 45. Kh2 Bxe5+ 46. Kh3 Rc3
0-1

[Event "4NCL Division Three West"]
[Site "Warwick, ENG"]
[Date "2023.04.29"]
[Round "9.44"]
[White "Horan, George"]
[Black "Shaw, John S"]
[Result "1-0"]
[WhiteElo "2002"]
[BlackElo "1663"]
[PlyCount "93"]
[EventDate "2023.04.29"]
[WhiteTeam "Barnet Knights B"]
[BlackTeam "MK Phoenix 2"]

1. d4 d5 2. c4 c6 3. Nf3 Nf6 4. e3 e6 5. b3 Nbd7 6. Nbd2 Bd6 7. Bb2 O-O 8. Qc2
Re8 9. Ne5 c5 10. Bd3 cxd4 11. exd4 Qc7 12. Ndf3 Bb4+ 13. Kf1 b6 14. Rc1 Bb7
15. Nxd7 Qxd7 16. c5 bxc5 17. dxc5 Qe7 18. a3 Ba5 19. b4 Bd8 20. c6 Rc8 21. Qa4
Ba8 22. Ba6 Rb8 23. Bd4 Bb6 24. Bxb6 axb6 25. c7 Rbc8 26. Bxc8 Rxc8 27. Qa6 Qe8
28. Nd4 Ne4 29. Ke2 Nd6 30. Qxb6 Nc4 31. Rxc4 dxc4 32. Nb5 Qc6 33. Qxc6 Bxc6
34. Rd1 Bd5 35. Nc3 Kf8 36. Nxd5 exd5 37. Rxd5 Rxc7 38. Kd2 Ke7 39. Kc3 Ra7 40.
a4 Rxa4 41. Ra5 Rxa5 42. bxa5 Kd6 43. Kxc4 Kc6 44. h4 h6 45. g4 g6 46. f4 f6
47. f5 1-0

[Event "4NCL Division Three West"]
[Site "Warwick, ENG"]
[Date "2023.04.29"]
[Round "9.45"]
[White "Cox, Lucian"]
[Black "Hung, Jake"]
[Result "0-1"]
[WhiteElo "1604"]
[BlackElo "1838"]
[PlyCount "106"]
[EventDate "2023.04.29"]
[WhiteTeam "MK Phoenix 2"]
[BlackTeam "Barnet Knights B"]

1. e4 c6 2. d4 d5 3. exd5 cxd5 4. c4 Nf6 5. Nc3 a6 6. Bf4 Nc6 7. h3 e6 8. Nf3
Be7 9. Be2 dxc4 10. Bxc4 b5 11. Bb3 Bb7 12. O-O O-O 13. d5 exd5 14. Nxd5 Nxd5
15. Bxd5 Bf6 16. Bxc6 Bxc6 17. Qxd8 Rfxd8 18. Be5 Bxf3 19. Bxf6 Bxg2 20. Bxd8
Bxf1 21. Kxf1 Rxd8 22. Rc1 Kf8 23. Rc6 Ra8 24. Rb6 Ra7 25. b3 Ke7 26. a4 bxa4
27. bxa4 a5 28. Ke2 Rc7 29. Ra6 Rc5 30. Kf3 f6 31. Ra7+ Kf8 32. Kg3 Rg5+ 33.
Kf4 Rc5 34. Kg3 Rg5+ 35. Kf4 h5 36. f3 Rc5 37. Kg3 Kg8 38. f4 Kh7 39. Kh4 Kh6
40. Ra6 Kg6 41. Ra7 Kh6 42. Ra6 Rc3 43. Rxa5 g5+ 44. fxg5+ fxg5+ 45. Rxg5 Rc4+
46. Rg4 hxg4 47. hxg4 Rxa4 48. Kh3 Kg5 49. Kg3 Ra3+ 50. Kg2 Kxg4 51. Kh2 Ra2+
52. Kh1 Kg3 53. Kg1 Ra1# 0-1

[Event "4NCL Division Three West"]
[Site "Warwick, ENG"]
[Date "2023.04.29"]
[Round "9.46"]
[White "Robinson, James"]
[Black "Cox, David"]
[Result "1-0"]
[WhiteElo "1900"]
[BlackElo "1321"]
[PlyCount "66"]
[EventDate "2023.04.29"]
[WhiteTeam "Barnet Knights B"]
[BlackTeam "MK Phoenix 2"]

1. d4 e6 2. Nf3 f5 3. d5 d6 4. dxe6 Bxe6 5. Nc3 Nf6 6. e3 Ne4 7. Nxe4 fxe4 8.
Nd4 Bd7 9. b3 c5 10. Ne2 Qf6 11. Rb1 Bc6 12. Bb2 Qf5 13. c4 Nd7 14. Ng3 Qf6 15.
Be2 O-O-O 16. Qc2 h5 17. h4 Qg6 18. Bf1 Be7 19. Ne2 Rhg8 20. g3 Qf7 21. Rd1 g5
22. hxg5 Rxg5 23. Nf4 Rf8 24. Bh3 Kc7 25. Ne6+ Kb8 26. Nxg5 Qg6 27. Ne6 Rf7 28.
Nf4 Qg5 29. Be6 Rh7 30. Rc1 b5 31. Rh2 b4 32. a3 a5 33. axb4 axb4 {Scoresheets
differ} 1-0

[Event "4NCL Division Three West"]
[Site "Warwick, ENG"]
[Date "2023.04.29"]
[Round "9.51"]
[White "Sivakumar, Ashvin"]
[Black "Grillage, Andrew"]
[Result "1-0"]
[WhiteElo "2181"]
[BlackElo "2022"]
[PlyCount "89"]
[EventDate "2023.04.29"]
[WhiteTeam "Oxford 2"]
[BlackTeam "Shropshire & Friends"]

1. d4 Nf6 2. c4 e6 3. Nf3 Bb4+ 4. Bd2 Bxd2+ 5. Qxd2 d6 6. Nc3 Nbd7 7. e3 e5 8.
Bd3 O-O 9. O-O Re8 10. Bc2 Qe7 11. b4 Nf8 12. Rac1 Bg4 13. Ng5 h6 14. Nge4 Nxe4
15. Bxe4 c6 16. d5 Qd7 17. dxc6 bxc6 18. b5 d5 19. bxc6 Qxc6 20. cxd5 Qd7 21.
f3 Bh5 22. Qd3 Bg6 23. Bxg6 Nxg6 24. Rfd1 Rab8 25. Ne4 Rb2 26. Rc2 Reb8 27.
Rxb2 Rxb2 28. Rd2 Rb6 29. d6 Rc6 30. Rc2 Nf8 31. Rc5 Ne6 32. Rxe5 Rc1+ 33. Kf2
Qa4 34. Qb3 Qa6 35. Rxe6 fxe6 36. d7 Qf1+ 37. Kg3 Qe1+ 38. Kh3 Rd1 39. Qxe6+
Kh7 40. Qf7 Kh8 41. Qf8+ Kh7 42. d8=Q Rxd8 43. Qxd8 g5 44. Qe7+ Kh8 45. Ng3 1-0

[Event "4NCL Division Three West"]
[Site "Warwick, ENG"]
[Date "2023.04.29"]
[Round "9.52"]
[White "Higgie, Charles L"]
[Black "Pozimski, Szymon"]
[Result "0-1"]
[WhiteElo "1936"]
[BlackElo "1972"]
[PlyCount "84"]
[EventDate "2023.04.29"]
[WhiteTeam "Shropshire & Friends"]
[BlackTeam "Oxford 2"]

1. d4 d5 2. c4 dxc4 3. e3 c5 4. Bxc4 e6 5. Nf3 Nf6 6. O-O a6 7. a4 Nc6 8. Nc3
Be7 9. Qe2 cxd4 10. Rd1 O-O 11. exd4 Nb4 12. Bg5 Re8 13. Rac1 Bd7 14. Ne5 h6
15. Bh4 Bc6 16. Nxf7 Kxf7 17. Qxe6+ Kg6 18. Qf7+ Kh7 19. Be6 Rf8 20. Bf5+ Kh8
21. Qg6 Be8 22. Qg3 Nh5 23. Bxe7 Nxg3 24. Bxd8 Rxd8 25. Bg4 Nf5 26. d5 Nd6 27.
Rd4 a5 28. Nd1 Bxa4 29. Ra1 Bxd1 30. Rdxd1 b6 31. Rac1 Ne4 32. f3 Nf6 33. d6
Nxg4 34. fxg4 Rd7 35. Rd2 Rfd8 36. Rcd1 Na6 37. g5 hxg5 38. Rd5 Nc5 39. Rxg5
Rxd6 40. Re1 Rd1 41. Kf1 Rxe1+ 42. Kxe1 Rd3 0-1